[Event "X Abierto Constitucion "]
[Site "San Sebastian de los Reyes "]
[Date "2008.12.02"]
[Round "3.14"]
[White "Suarez Uriel, Adrian"]
[Black "Martinez Miura, Enrique"]
[Result "1-0"]
[WhiteElo "2123"]
[BlackElo "1779"]
[PlyCount "93"]
[EventDate "2008.11.30"]

1. e4 e6 2. d3 d5 3. Nd2 Nf6 4. Ngf3 c5 5. g3 Nc6 6. Bg2 dxe4 7. dxe4 e5 8. O-O
Bg4 9. c3 Qd7 10. Qc2 Be7 11. Nc4 Bxf3 12. Bxf3 O-O 13. Ne3 g6 14. Rd1 Qc7 15.
Nd5 Nxd5 16. exd5 Nb8 17. Qb3 Bd6 18. Qc4 Nd7 19. b4 Nb6 20. Qb3 cxb4 21. cxb4
Rfe8 22. Be3 Qc4 23. Qxc4 Nxc4 24. Bc5 b6 25. Bxd6 Nxd6 26. Rac1 Rad8 27. Be2
Re7 28. Rc6 e4 29. Kg2 Red7 30. Bg4 f5 31. Be2 Kg7 32. Rdc1 Kf6 33. Bc4 Ke7 34.
Bb3 Nf7 35. Rc7 Nd6 36. R7c6 Rf8 37. Ba4 b5 38. Bb3 f4 39. gxf4 Rxf4 40. Re1
Kd8 41. a4 Rf3 42. Bc2 bxa4 43. Bxa4 Ra3 44. Ra6 Nf5 45. Rxe4 Rxd5 46. Rxa7 g5
47. Re8# 1-0

[Event "X Abierto Constitucion "]
[Site "San Sebastian de los Reyes "]
[Date "2008.12.02"]
[Round "3.15"]
[White "Cruz Martin, Francisco"]
[Black "Castejon Caballero, Natalia"]
[Result "0-1"]
[WhiteElo "1547"]
[BlackElo "2084"]
[PlyCount "86"]
[EventDate "2008.11.30"]

1. d4 d5 2. e3 Nf6 3. f4 g6 4. Nf3 Bg7 5. Bd3 Nbd7 6. O-O c5 7. c3 Qc7 8. Nbd2
b6 9. Qe1 Bb7 10. Ne5 e6 11. Ndf3 Nxe5 12. fxe5 Ng8 13. Ng5 Nh6 14. a4 Qe7 15.
Nf3 O-O 16. Qg3 f6 17. Bd2 Nf5 18. Qh3 fxe5 19. dxe5 Rae8 20. Bb5 Rc8 21. Bd3
a6 22. Rae1 c4 23. Bc2 Rc7 24. g4 Nh6 25. e4 Nf7 26. Bf4 Rd7 27. Bc1 b5 28. a5
Nxe5 29. Nxe5 Rxf1+ 30. Rxf1 Bxe5 31. Bh6 Rd8 32. Qg2 b4 33. Qf2 Rc8 34. Qf3 d4
35. cxb4 d3 36. Ba4 Bxb2 37. Qf4 Bd4+ 38. Kh1 c3 39. Bd7 Bxe4+ 40. Qxe4 Qxd7
41. Qxd3 Qd5+ 42. Rf3 c2 43. Qf1 c1=Q 0-1

[Event "X Abierto Constitucion "]
[Site "San Sebastian de los Reyes "]
[Date "2008.12.02"]
[Round "3.16"]
[White "Vazquez Gonzalez, Jesus"]
[Black "Sierra Soria, Maria"]
[Result "0-1"]
[WhiteElo "2071"]
[BlackElo "1718"]
[PlyCount "52"]
[EventDate "2008.11.30"]

1. e4 e5 2. Bc4 Nf6 3. d3 c6 4. Qe2 Be7 5. f4 O-O 6. fxe5 Qa5+ 7. Bd2 Qxe5 8.
Bc3 Qc7 9. e5 Nd5 10. Bxd5 cxd5 11. Nf3 d6 12. O-O Nc6 13. d4 dxe5 14. Nxe5 Bd6
15. Nxc6 Bxh2+ 16. Kh1 bxc6 17. Qh5 Bd6 18. Nd2 Ba6 19. Rf5 Rae8 20. Nf3 Re6
21. Bd2 Bc8 22. Kg1 Re4 23. Re5 Bxe5 24. Ng5 Bxd4+ 25. Kh1 Bf5 26. Nxe4 Bxe4
0-1

[Event "X Abierto Constitucion "]
[Site "San Sebastian de los Reyes "]
[Date "2008.12.02"]
[Round "3.19"]
[White "Camarero Izquierdo, Juan Carlos"]
[Black "Rodenas Riesco, Alfonso"]
[Result "1-0"]
[WhiteElo "1939"]
[BlackElo "1627"]
[PlyCount "109"]
[EventDate "2008.11.30"]

1. e4 e6 2. d4 d5 3. e5 a6 4. Nf3 Ne7 5. Bd3 g6 6. Bg5 Bg7 7. Qd2 h6 8. Be3 Nf5
9. Bxf5 exf5 10. h4 Be6 11. Nc3 Nd7 12. O-O-O Qe7 13. Ne2 Nb6 14. Rdg1 Nc4 15.
Qe1 Qd7 16. Nd2 Nxe3 17. fxe3 b5 18. Nb3 Bf8 19. Nf4 Rc8 20. Nd3 Be7 21. Nbc5
Bxc5 22. Nxc5 Qc6 23. g4 fxg4 24. Rf1 Bf5 25. h5 Ra8 26. Qh4 b4 27. e6 g5 28.
Qf2 Bxe6 29. Qf6 Rh7 30. Rf5 Rb8 31. Nxe6 Qxe6 32. Re5 Rb6 33. Rxe6+ Rxe6 34.
Qf5 Rg7 35. Re1 c6 36. Qxg4 Ke7 37. e4 f5 38. Qxf5 Rf7 39. Qh3 dxe4 40. Qb3 a5
41. d5 Rf3 42. dxe6 Rxb3 43. cxb3 Kxe6 44. Rxe4+ Kf5 45. Rc4 g4 46. Kd2 Kg5 47.
Rc5+ Kh4 48. Ke1 Kh3 49. Kf1 Kh2 50. Rxc6 g3 51. Rg6 a4 52. bxa4 b3 53. axb3
Kh3 54. Rxh6 Kh2 55. Rg6 1-0

[Event "X Abierto Constitucion "]
[Site "San Sebastian de los Reyes "]
[Date "2008.12.02"]
[Round "3.22"]
[White "Farmer Negrini, Leo"]
[Black "Gueler Berdasco, Martin"]
[Result "1-0"]
[WhiteElo "1794"]
[BlackElo "1891"]
[PlyCount "79"]
[EventDate "2008.11.30"]

1. c4 Nf6 2. b3 e6 3. Bb2 b6 4. Nc3 Be7 5. Nf3 O-O 6. g3 Bb7 7. Bg2 c5 8. O-O
d5 9. Ne1 Qd7 10. cxd5 Nxd5 11. Ne4 f5 12. Nc3 Bf6 13. Qc2 Nb4 14. Qc1 e5 15.
a3 Nd5 16. a4 Nxc3 17. Bxc3 Nc6 18. e3 e4 19. Bxf6 Rxf6 20. Qc3 Re8 21. d3 Ne5
22. dxe4 fxe4 23. Nc2 Rh6 24. Rfd1 Qf5 25. h4 Rf8 26. Rd2 Kh8 27. Rad1 Nd3 28.
Rf1 Rhf6 29. b4 Qg6 30. bxc5 bxc5 31. Ne1 Ba6 32. Nxd3 Bxd3 33. Rfd1 Qf7 34.
Qxc5 Rxf2 35. Qd4 a5 36. Bxe4 Rxd2 37. Rxd2 Qf1+ 38. Kh2 Rf2+ 39. Rxf2 Qxf2+
40. Bg2 1-0

[Event "X Abierto Constitucion "]
[Site "San Sebastian de los Reyes "]
[Date "2008.12.02"]
[Round "3.23"]
[White "Piriz Fernandez, Daniel"]
[Black "Cerrato Torrijos, Maria"]
[Result "1-0"]
[WhiteElo "1770"]
[BlackElo "1880"]
[PlyCount "57"]
[EventDate "2008.11.30"]

1. d4 Nf6 2. c4 e6 3. Nc3 Bb4 4. Bg5 h6 5. Bh4 g5 6. Bg3 Ne4 7. Qc2 f5 8. f3
Bxc3+ 9. bxc3 Nxg3 10. hxg3 Qf6 11. e4 d6 12. Bd3 Nc6 13. Rb1 e5 14. d5 Ne7 15.
Ne2 f4 16. Qd2 Ng6 17. Bc2 h5 18. Ba4+ Ke7 19. gxf4 gxf4 20. c5 dxc5 21. c4 Nh4
22. Nc3 Rg8 23. d6+ Kf8 24. d7 Nxg2+ 25. Ke2 Bxd7 26. Qxd7 Ne3 27. Rbg1 Rxg1
28. Rxg1 Qh4 29. Qg7# 1-0

[Event "X Abierto Constitucion "]
[Site "San Sebastian de los Reyes "]
[Date "2008.12.02"]
[Round "3.27"]
[White "Galan Aguado, Fernando"]
[Black "Pareja Alvarez, Diego"]
[Result "0-1"]
[WhiteElo "1811"]
[BlackElo "1866"]
[PlyCount "182"]
[EventDate "2008.11.30"]

1. d4 Nf6 2. Nf3 g6 3. Bf4 Bg7 4. e3 O-O 5. Be2 d6 6. h3 Nbd7 7. O-O c6 8. Nbd2
Re8 9. c3 e5 10. dxe5 dxe5 11. Bh2 Qe7 12. e4 Rd8 13. Qc2 Ne8 14. Rfe1 f6 15.
Rad1 Nc5 16. b4 Ne6 17. Bf1 b6 18. Nc4 Bb7 19. a4 Rac8 20. Nfd2 Bh6 21. Qb3 Kh8
22. Ne3 N8c7 23. Ndc4 c5 24. b5 Bxe3 25. Rxe3 Rxd1 26. Qxd1 Rd8 27. Qb1 Ne8 28.
Qc2 Nd6 29. Nd2 Qd7 30. f3 Nxb5 31. Rd3 Nd6 32. Nc4 Qe7 33. Qd1 Nxc4 34. Rxd8+
Qxd8 35. Qxd8+ Nxd8 36. Bxc4 Bc6 37. Bb3 Nb7 38. Bg3 Na5 39. Bd1 Nc4 40. Be2
Nb2 41. a5 bxa5 42. Bf2 Na4 43. Be1 Nb6 44. Ba6 Kg7 45. c4 a4 46. Bc3 Bd7 47.
Bb2 Be6 48. Ba3 Bxc4 49. Bb7 Nd7 50. Bc6 Be6 51. Bxa4 Nb6 52. Bc2 c4 53. Bb4
Kf7 54. Kf2 Ke8 55. Ke3 Kd7 56. g4 Kc6 57. Be7 f5 58. exf5 Nd5+ 59. Ke4 Nxe7
60. fxe6 Kd6 61. f4 exf4 62. Kxf4 Kxe6 63. Ke4 Nc6 64. Ba4 Ne5 65. Kd4 g5 66.
Bc2 h6 67. Kc5 Nf3 68. Be4 Ng1 69. Kxc4 Nxh3 70. Kd4 Nf2 71. Bf3 a5 72. Ke3 Nh3
73. Bd1 Ke5 74. Ba4 Nf4 75. Bd7 Nd5+ 76. Kf3 Kd4 77. Ke2 Nc3+ 78. Kd2 a4 79.
Be6 a3 80. Kc2 a2 81. Kb2 Ke4 82. Bf5+ Kf4 83. Be6 Ne4 84. Kxa2 Nf2 85. Kb2
Nxg4 86. Kc2 h5 87. Kd2 Kg3 88. Ke2 Nf2 89. Kf1 h4 90. Kg1 h3 91. Bd5 h2+ 0-1

[Event "X Abierto Constitucion "]
[Site "San Sebastian de los Reyes "]
[Date "2008.12.02"]
[Round "3.28"]
[White "Morona Minguez, Irene"]
[Black "Peinador Garcia-Aranda, Dam"]
[Result "1/2-1/2"]
[WhiteElo "1743"]
[BlackElo "1825"]
[PlyCount "60"]
[EventDate "2008.11.30"]

1. e4 c6 2. d4 d5 3. Nc3 dxe4 4. Nxe4 Bf5 5. Ng3 Bg6 6. h4 h6 7. Nf3 Nd7 8. h5
Bh7 9. Bd3 Bxd3 10. Qxd3 e6 11. Bf4 Qa5+ 12. Bd2 Qc7 13. O-O-O Ngf6 14. Ne4
O-O-O 15. g3 Nc5 16. Nxc5 Bxc5 17. Bf4 Bd6 18. Bxd6 Rxd6 19. Ne5 Rhd8 20. Qc4
Ne4 21. Rhf1 b5 22. Qb4 a5 23. Qa3 Rxd4 24. Rxd4 Rxd4 25. Qf8+ Rd8 26. Qxg7 Qd6
27. Nd3 Qd5 28. Qe5 Qxa2 29. Qxe4 Qa1+ 30. Kd2 Qxf1 1/2-1/2

[Event "X Abierto Constitucion "]
[Site "San Sebastian de los Reyes "]
[Date "2008.12.02"]
[Round "3.29"]
[White "Perez Gonzalez, Jesus Miguel"]
[Black "Jimenez Vera, Ruben"]
[Result "1-0"]
[WhiteElo "1819"]
[BlackElo "1551"]
[PlyCount "55"]
[EventDate "2008.11.30"]

1. e4 c5 2. Nf3 e6 3. d4 cxd4 4. Nxd4 Nc6 5. Be3 Nf6 6. Nd2 a6 7. c3 Ne5 8. Be2
Qc7 9. O-O Bd6 10. f4 Nc6 11. e5 Nxe5 12. fxe5 Bxe5 13. N4f3 Ng4 14. Bd4 Bxh2+
15. Kh1 Bg3 16. Nc4 Qf4 17. Ng1 Nf2+ 18. Bxf2 Bxf2 19. Nh3 Qh4 20. Nd6+ Ke7 21.
Rxf2 f5 22. Rxf5 g6 23. Rf7+ Kd8 24. Nxc8 d5 25. Nb6 Rb8 26. Nxd5 exd5 27.
Qxd5+ Ke8 28. Qd7# 1-0

[Event "X Abierto Constitucion "]
[Site "San Sebastian de los Reyes "]
[Date "2008.12.03"]
[Round "4.1"]
[White "Taboas Rodriguez, Daniel"]
[Black "Roa Alonso, Santiago"]
[Result "0-1"]
[WhiteElo "2349"]
[BlackElo "2457"]
[PlyCount "94"]
[EventDate "2008.11.30"]

1. d4 d5 2. Nf3 Nf6 3. c4 e6 4. Nc3 Be7 5. Bg5 O-O 6. e3 h6 7. Bh4 b6 8. Be2
Bb7 9. Bxf6 Bxf6 10. cxd5 exd5 11. b4 c6 12. O-O Re8 13. Qb3 a5 14. b5 c5 15.
dxc5 bxc5 16. Rad1 Bxc3 17. Qxc3 Nd7 18. Rfe1 Qb6 19. Bd3 Nf6 20. a4 Rac8 21.
Bf5 Ne4 22. Qc2 Rc7 23. Rc1 Qf6 24. Bxe4 Rxe4 25. Nd2 Rb4 26. Rb1 Rc8 27. e4 c4
28. exd5 Bxd5 29. Nf1 c3 30. Re2 Rxb1 31. Qxb1 Bxg2 32. Kxg2 c2 33. Rxc2 Qg6+
34. Ng3 Qxc2 35. Qa1 Qc4 36. h3 Qd5+ 37. Kh2 h5 38. Qb1 Rc4 39. Qb3 h4 40. Nf5
Qe5+ 41. Kg2 Qe4+ 42. Qf3 Rxa4 43. b6 Qxf3+ 44. Kxf3 Rb4 45. Ne7+ Kf8 46. Nc6
Rb3+ 47. Kg4 a4 0-1

[Event "X Abierto Constitucion "]
[Site "San Sebastian de los Reyes "]
[Date "2008.12.03"]
[Round "4.2"]
[White "Barria Zuñiga, Daniel"]
[Black "Adan Bermudez, Sergio"]
[Result "1/2-1/2"]
[WhiteElo "2423"]
[BlackElo "2227"]
[PlyCount "84"]
[EventDate "2008.11.30"]

1. e4 c5 2. Nf3 Nc6 3. d4 cxd4 4. Nxd4 Qb6 5. Nb3 Nf6 6. Nc3 e6 7. Be3 Qc7 8.
a3 a6 9. f4 d6 10. g4 h6 11. a4 b6 12. Bg2 Bb7 13. Qe2 Nd7 14. h4 Nc5 15. Nd4
Be7 16. O-O-O Nxd4 17. Bxd4 e5 18. fxe5 dxe5 19. Bxc5 Qxc5 20. Nd5 Rc8 21. Rh3
Qa5 22. Kb1 b5 23. g5 bxa4 24. Qg4 Rd8 25. Rhd3 Bxd5 26. Rxd5 Rxd5 27. exd5 a3
28. Qc8+ Bd8 29. Qc6+ Kf8 30. Qd6+ Be7 31. Qb8+ Qd8 32. Qb7 hxg5 33. d6 Bxd6
34. Bd5 Qc7 35. Qxc7 Bxc7 36. hxg5 axb2 37. Rf1 f6 38. gxf6 gxf6 39. Rxf6+ Ke7
40. Rxa6 Rb8 41. Bb3 Bb6 42. Kxb2 e4 1/2-1/2

[Event "X Abierto Constitucion "]
[Site "San Sebastian de los Reyes "]
[Date "2008.12.03"]
[Round "4.3"]
[White "Almagro Llamas, Pablo"]
[Black "Ramos Aldoradin, John Paul"]
[Result "1-0"]
[WhiteElo "2476"]
[BlackElo "2102"]
[PlyCount "39"]
[EventDate "2008.11.30"]

1. e4 e6 2. d4 d5 3. Nc3 Nf6 4. Bg5 dxe4 5. Nxe4 Nbd7 6. Nf3 h6 7. Nxf6+ Nxf6
8. Bd2 c5 9. Bd3 cxd4 10. Qe2 Qb6 11. Ne5 Bd7 12. O-O Be7 13. f4 O-O 14. f5
Rfe8 15. Bxh6 exf5 16. Bxg7 Kxg7 17. Nxd7 Nxd7 18. Rxf5 Rg8 19. Qg4+ Qg6 20.
Rxf7+ 1-0

[Event "X Abierto Constitucion "]
[Site "San Sebastian de los Reyes "]
[Date "2008.12.03"]
[Round "4.4"]
[White "Garcia Fernandez, Carlos"]
[Black "Cavalle Pulla, Daniel"]
[Result "1-0"]
[WhiteElo "2396"]
[BlackElo "1765"]
[PlyCount "65"]
[EventDate "2008.11.30"]

1. e4 c5 2. c3 d5 3. exd5 Qxd5 4. d4 Nf6 5. Nf3 Nc6 6. Be2 e6 7. O-O Be7 8. Be3
cxd4 9. cxd4 O-O 10. Nc3 Qd6 11. a3 b6 12. Qb3 Bb7 13. Qa2 Rac8 14. h3 Rfd8 15.
Rad1 Rd7 16. Qb1 Qb8 17. Rfe1 h6 18. Bf1 Bd6 19. Qc1 Ne7 20. Ne5 Rdc7 21. Bxh6
gxh6 22. Qxh6 Ne8 23. Nb5 Bxe5 24. dxe5 Rc5 25. Bd3 Ng7 26. Qh7+ Kf8 27. Qh8+
Ng8 28. Bh7 Ke7 29. Qxg7 Rxb5 30. Qg5+ Kf8 31. Qxg8+ Ke7 32. Qg5+ Kf8 33. Rd7
1-0

[Event "X Abierto Constitucion "]
[Site "San Sebastian de los Reyes "]
[Date "2008.12.03"]
[Round "4.5"]
[White "Vukotic Jovsic, Dragan"]
[Black "Lopez Del Alamo, Antonio"]
[Result "0-1"]
[WhiteElo "2066"]
[BlackElo "2311"]
[PlyCount "70"]
[EventDate "2008.11.30"]

1. d4 g6 2. Bf4 Bg7 3. e3 d6 4. Nf3 f5 5. Bc4 Nf6 6. Ng5 d5 7. Be2 Ne4 8. c4 e5
9. Bxe5 Bxe5 10. Nxe4 dxe4 11. dxe5 Qxd1+ 12. Kxd1 Nd7 13. Nc3 c6 14. f4 exf3
15. gxf3 Nxe5 16. Kc2 O-O 17. Rad1 f4 18. e4 Bh3 19. Rhg1 Rad8 20. Rxd8 Rxd8
21. Nd1 b5 22. cxb5 cxb5 23. Rg5 Nc6 24. Nf2 Be6 25. Nd3 Nd4+ 26. Kd2 Nxe2 27.
Kxe2 Bc4 28. Rd5 Bxd5 29. exd5 g5 30. Nb4 Kg7 31. Nc6 Rd7 32. b4 a6 33. Nb8 Rd6
34. Kd3 Rxd5+ 35. Kc3 Rd6 0-1

[Event "X Abierto Constitucion "]
[Site "San Sebastian de los Reyes "]
[Date "2008.12.03"]
[Round "4.6"]
[White "Morales Rivera, John Alexander"]
[Black "Suarez Uriel, Adrian"]
[Result "1-0"]
[WhiteElo "2338"]
[BlackElo "2123"]
[PlyCount "60"]
[EventDate "2008.11.30"]

1. e4 c5 2. Nc3 g6 3. Nf3 Bg7 4. d4 cxd4 5. Nxd4 Nc6 6. Be3 Nf6 7. Bc4 O-O 8.
Bb3 a5 9. O-O d6 10. f3 Nd7 11. Bxf7+ Kxf7 12. Ne6 Qe8 13. Nc7 Bxc3 14. Nxe8
Bxb2 15. Rb1 Rxe8 16. Rxb2 Nde5 17. Bh6 a4 18. Rb5 Nd8 19. Rxe5 dxe5 20. f4
exf4 21. Rxf4+ Kg8 22. Qd5+ Ne6 23. e5 Ra6 24. Rf1 Ra8 25. Qf3 Bd7 26. Qf7+ Kh8
27. Rd1 Rf8 28. Bxf8 Nxf8 29. Qxe7 Re8 30. Qf7 Be6 1-0

[Event "X Abierto Constitucion "]
[Site "San Sebastian de los Reyes "]
[Date "2008.12.03"]
[Round "4.7"]
[White "Elissalt Cardenas, Hector"]
[Black "Castejon Caballero, Natalia"]
[Result "1-0"]
[WhiteElo "2314"]
[BlackElo "2084"]
[PlyCount "115"]
[EventDate "2008.11.30"]

1. d4 d5 2. Nf3 Nf6 3. Nbd2 c6 4. e3 g6 5. c4 Bg7 6. b3 O-O 7. Bd3 Re8 8. Bb2
Nbd7 9. h3 Nf8 10. Qc2 Be6 11. O-O Rc8 12. Rad1 Qc7 13. Ng5 h6 14. Nxe6 Nxe6
15. c5 Nf8 16. b4 N8d7 17. f4 e6 18. a4 b6 19. Rc1 bxc5 20. bxc5 Rb8 21. Bc3
Nh5 22. g4 Nhf6 23. Kg2 Qd8 24. a5 Nh7 25. Nf3 f5 26. a6 Nhf6 27. g5 Ne4 28.
Bd2 hxg5 29. Bxe4 dxe4 30. Nxg5 Bh6 31. h4 Nf6 32. Rb1 Qd7 33. Rxb8 Rxb8 34.
Rb1 Rxb1 35. Qxb1 Bxg5 36. hxg5 Nd5 37. Qb7 Qc7 38. Kf2 Kf8 39. Qa8+ Kg7 40.
Qe8 Ne7 41. Ba5 Qxa5 42. Qxe7+ Kh8 43. Qf8+ Kh7 44. Qh6+ Kg8 45. Qxg6+ Kh8 46.
Qh6+ Kg8 47. Qxe6+ Kh8 48. Qh6+ Kg8 49. Qg6+ Kh8 50. Qh5+ Kg8 51. Qe2 Qa1 52.
Qc2 Qh1 53. Qb3+ Kg7 54. Qb7+ Kg8 55. Qc8+ Kg7 56. Qd7+ Kg8 57. Qe6+ Kf8 58.
Qh6+ 1-0

[Event "X Abierto Constitucion "]
[Site "San Sebastian de los Reyes "]
[Date "2008.12.03"]
[Round "4.9"]
[White "Sanchez Camacho, Antonio"]
[Black "Camarero Izquierdo, Juan Carlos"]
[Result "1-0"]
[WhiteElo "2205"]
[BlackElo "1939"]
[PlyCount "75"]
[EventDate "2008.11.30"]

1. c4 e5 2. g3 Bc5 3. Bg2 Nc6 4. Nc3 d6 5. e3 Be6 6. d3 Qd7 7. h3 Nge7 8. Nge2
Bb4 9. a3 Bxc3+ 10. bxc3 f5 11. Rb1 Rb8 12. Qa4 O-O 13. f4 Qc8 14. Bd2 exf4 15.
exf4 Re8 16. O-O Bd7 17. Qd1 Na5 18. Nd4 Ng6 19. Qh5 Nc6 20. Bd5+ Kh8 21. Bf7
Nxd4 22. Bxg6 Ne2+ 23. Kh2 h6 24. Bxe8 Qxe8 25. Qxe8+ Bxe8 26. g4 fxg4 27. hxg4
g5 28. fxg5 Bd7 29. gxh6 Bxg4 30. Rf7 Bh5 31. Rxc7 Rg8 32. Rbxb7 Bg6 33. Be3
Bxd3 34. Bd4+ Nxd4 35. cxd4 Ra8 36. Rxa7 Rxa7 37. Rxa7 Bxc4 38. Kg3 1-0

[Event "X Abierto Constitucion "]
[Site "San Sebastian de los Reyes "]
[Date "2008.12.03"]
[Round "4.10"]
[White "Sanchez-Alarcos Galian, Victor"]
[Black "Ramos Fernandez, Pedro"]
[Result "1/2-1/2"]
[WhiteElo "2011"]
[BlackElo "2161"]
[PlyCount "55"]
[EventDate "2008.11.30"]

1. e4 c5 2. Nf3 Nc6 3. d4 cxd4 4. Nxd4 g6 5. c4 Bg7 6. Be3 Nf6 7. Nc3 d6 8. Be2
O-O 9. O-O Bd7 10. Qd2 Nxd4 11. Bxd4 Bc6 12. f3 a5 13. b3 Nd7 14. Be3 Nc5 15.
Rab1 Qb6 16. Rfc1 Qb4 17. Nd5 Bxd5 18. cxd5 f5 19. exf5 Rxf5 20. Qxb4 axb4 21.
Rc2 Bc3 22. a4 Re5 23. Bf4 Rf5 {(=)} 24. Bg3 Kg7 25. Bc4 Rc8 26. Bf2 Rf4 27.
Bg3 Rf7 28. Ra2 1/2-1/2

[Event "X Abierto Constitucion "]
[Site "San Sebastian de los Reyes "]
[Date "2008.12.03"]
[Round "4.11"]
[White "Sierra Soria, Maria"]
[Black "Anton Veiga, Juan Carlos"]
[Result "0-1"]
[WhiteElo "1718"]
[BlackElo "2144"]
[PlyCount "42"]
[EventDate "2008.11.30"]

1. c4 Nf6 2. Nf3 e6 3. Nc3 d5 4. d4 Be7 5. Bg5 O-O 6. e3 Nbd7 7. Be2 Re8 8. O-O
c6 9. h3 Nf8 10. Qc2 Ng6 11. Rab1 h6 12. Bxf6 Bxf6 13. cxd5 exd5 14. Na4 Nh4
15. Rbc1 Nxf3+ 16. Bxf3 Qd6 17. Nc5 Bd8 18. Nd3 Bc7 19. Ne5 f6 20. Qg6 Be6 21.
Ng4 Bxg4 0-1

[Event "X Abierto Constitucion "]
[Site "San Sebastian de los Reyes "]
[Date "2008.12.03"]
[Round "4.12"]
[White "Garcia Lopez, Fernando"]
[Black "Rodrigo Yanguas, Maria"]
[Result "0-1"]
[WhiteElo "1675"]
[BlackElo "2037"]
[PlyCount "112"]
[EventDate "2008.11.30"]

1. e4 e6 2. d4 d5 3. Nc3 Nf6 4. Bg5 Bb4 5. e5 h6 6. exf6 hxg5 7. fxg7 Rg8 8.
Qh5 Qf6 9. Nf3 Qxg7 10. Ne5 Nd7 11. Nxd7 Bxd7 12. O-O-O O-O-O 13. Qf3 Kb8 14.
a3 Be7 15. Bb5 Bxb5 16. Nxb5 a6 17. Nc3 c5 18. Qe3 Bf6 19. Ne2 Rc8 20. Kb1 Rc7
21. c3 Rgc8 22. Qg3 Ka8 23. h4 Qh7+ 24. Qd3 Qxd3+ 25. Rxd3 gxh4 26. g3 hxg3 27.
fxg3 Bg5 28. Ng1 cxd4 29. Rxd4 Be3 30. Rdh4 d4 31. Ne2 dxc3 32. Nxc3 Bg5 33.
Rh8 Bf6 34. Rxc8+ Rxc8 35. Ne4 Be5 36. g4 Rg8 37. Rh5 f6 38. Nc5 Rxg4 39. Rh7
b6 40. Nxe6 Rg1+ 41. Ka2 Rg2 42. Rh8+ Kb7 43. Nd8+ Kc7 44. Ne6+ Kd6 45. Nd8
Rxb2+ 46. Ka1 Rh2+ 47. Kb1 Rxh8 48. Nf7+ Kd5 49. Nxh8 Kd4 50. Ng6 f5 51. Kc2
Bd6 52. a4 b5 53. axb5 axb5 54. Nh4 f4 55. Ng2 f3 56. Ne1 f2 0-1

[Event "X Abierto Constitucion "]
[Site "San Sebastian de los Reyes "]
[Date "2008.12.03"]
[Round "4.14"]
[White "Alvarez Gonzalez, Eduardo"]
[Black "Perez Cameselle, Francisco"]
[Result "0-1"]
[WhiteElo "1845"]
[BlackElo "2010"]
[PlyCount "76"]
[EventDate "2008.11.30"]

1. d4 Nf6 2. Nf3 g6 3. e3 Bg7 4. Be2 O-O 5. O-O d6 6. b3 Nbd7 7. Bb2 e5 8. Nbd2
e4 9. Nh4 Re8 10. c4 Nf8 11. g3 g5 12. Ng2 Ng6 13. d5 Qe7 14. Rc1 Ne5 15. Re1
Bf5 16. h4 h6 17. Bxe5 Qxe5 18. Kh2 Qe7 19. Rh1 Qd7 20. hxg5 hxg5 21. Kg1 Ng4
22. Ne1 Bf6 23. Nc2 Kg7 24. Bf1 Rh8 25. Bg2 Rxh1+ 26. Bxh1 Re8 27. Qe2 Nh6 28.
Nd4 Bg4 29. Qf1 Bxd4 30. exd4 e3 31. Ne4 e2 32. Qg2 e1=Q+ 33. Rxe1 f5 34. f3
fxe4 35. fxg4 e3 36. Qe2 Qe7 37. Bf3 Qf6 38. Qd3 Qxf3 0-1

[Event "X Abierto Constitucion "]
[Site "San Sebastian de los Reyes "]
[Date "2008.12.03"]
[Round "4.15"]
[White "Heras Cuenca, Miguel Angel"]
[Black "Farmer Negrini, Leo"]
[Result "1/2-1/2"]
[WhiteElo "2008"]
[BlackElo "1794"]
[PlyCount "183"]
[EventDate "2008.11.30"]

1. d4 Nf6 2. c4 g6 3. Nc3 Bg7 4. e4 d6 5. f4 O-O 6. Nf3 Nc6 7. d5 Nb8 8. Be2 c6
9. e5 dxe5 10. fxe5 Ng4 11. Qd4 Na6 12. h3 Nb4 13. O-O Nc2 14. Qd3 Bf5 15. Ne4
Qb6+ 16. c5 Bxe4 17. Qxc2 Bxc2 18. cxb6 Nxe5 19. dxc6 Nxc6 20. bxa7 Rxa7 21.
Bc4 e6 22. Ne1 Be4 23. Bd3 Bd5 24. a4 Nb4 25. Bb5 Bc6 26. Be3 Raa8 27. Ra3 Nd5
28. Bc5 Rfe8 29. Raf3 f5 30. Bxc6 bxc6 31. b3 Nf6 32. Rd3 Ne4 33. Bb6 c5 34.
Nf3 Rac8 35. Rfd1 c4 36. bxc4 Rxc4 37. a5 Nc3 38. Rd8 Rc8 39. Rxc8 Rxc8 40.
Rd8+ Rxd8 41. Bxd8 e5 42. a6 Nb5 43. Bb6 e4 44. Nd4 Bxd4+ 45. Bxd4 Nc7 46. a7
Kf7 47. Kf2 Ke6 48. Ke3 Kd5 49. Bf6 Kc6 50. Be5 Nd5+ 51. Kd4 Nb6 52. Bf4 Kb7
53. Be3 Kxa7 54. g4 Kb7 55. gxf5 gxf5 56. Bf4 Nd7 57. Kd5 Nf8 58. Ke5 Kc6 59.
Kxf5 Kd5 60. Be3 Ne6 61. h4 Nd4+ 62. Kf6 Nf3 63. h5 Nh4 64. Bg5 Nf3 65. Bf4 Nd4
66. h6 Ne6 67. Be3 Nd4 68. Bf4 Kc4 69. Be3 Kd3 70. Bg5 Nf3 71. Bf4 e3 72. Kg7
e2 73. Bg3 Ng5 74. Be1 Ke4 75. Kf6 Kf4 76. Bd2+ Kg4 77. Be1 Kh5 78. Kg7 Kg4 79.
Kf6 Nf3 80. Ba5 Kf4 81. Kg7 Ke3 82. Bb6+ Kd3 83. Bf2 Ng5 84. Be1 Ke3 85. Kf6
Nf3 86. Bg3 Kd2 87. Kg7 Ng5 88. Bf2 e1=Q 89. Bxe1+ Kxe1 90. Kf6 Ne4+ 91. Kg7
Ng5 92. Kf6 1/2-1/2

[Event "X Abierto Constitucion "]
[Site "San Sebastian de los Reyes "]
[Date "2008.12.03"]
[Round "4.16"]
[White "Alonso Garuti, Luis E"]
[Black "Sierra Bermejo, Gregorio"]
[Result "1-0"]
[WhiteElo "1986"]
[BlackElo "1792"]
[PlyCount "69"]
[EventDate "2008.11.30"]

1. e4 e5 2. Nf3 Nf6 3. d4 Nxe4 4. Nxe5 d5 5. Bd3 Bb4+ 6. c3 Bd6 7. O-O O-O 8.
Nd2 Nf6 9. Kh1 Bxe5 10. dxe5 Ng4 11. Nf3 f6 12. Bf4 Nc6 13. exf6 Nxf6 14. Qc2
h6 15. Rad1 Ne7 16. c4 Bg4 17. Qd2 Ne4 18. Bxe4 dxe4 19. Qc2 Qxd1 20. Rxd1 Rxf4
21. Rd4 Bf5 22. Qd2 Ng6 23. Ne5 e3 24. Qxe3 Rxd4 25. Qxd4 Re8 26. f4 c5 27. Qe3
Rd8 28. Kg1 Rd4 29. Nxg6 Bxg6 30. Qe6+ Kh7 31. f5 Bh5 32. h3 Rd1+ 33. Kh2 Rd2
34. f6 Re2 35. Qxe2 1-0

[Event "X Abierto Constitucion "]
[Site "San Sebastian de los Reyes "]
[Date "2008.12.03"]
[Round "4.17"]
[White "Fernandez Aransay, Fernando"]
[Black "Piriz Fernandez, Daniel"]
[Result "0-1"]
[WhiteElo "1958"]
[BlackElo "1770"]
[PlyCount "74"]
[EventDate "2008.11.30"]

1. e4 e6 2. d4 d5 3. exd5 exd5 4. Nf3 Bg4 5. Bd3 Nc6 6. c3 Bd6 7. O-O Nge7 8.
Bg5 f6 9. Be3 Qd7 10. Nbd2 O-O-O 11. b4 h5 12. Qa4 Bf5 13. Be2 g5 14. b5 Nb8
15. c4 dxc4 16. Nxc4 Nd5 17. Qxa7 Nc3 18. Nxd6+ Qxd6 19. Bc4 Ne4 20. d5 h4 21.
Nd4 Bd7 22. Nc6 bxc6 23. bxc6 Bxc6 24. dxc6 Nxc6 25. Qa4 Nc3 26. Qb3 Nd5 27.
Rfd1 Na5 28. Qc2 Nxc4 29. Qxc4 Nxe3 30. fxe3 Qxd1+ 31. Rxd1 Rxd1+ 32. Kf2 Rhd8
33. Qa6+ Kb8 34. Qb5+ Kc8 35. Qf5+ Kb8 36. a4 R8d2+ 37. Kf3 Rf1+ 0-1

[Event "X Abierto Constitucion "]
[Site "San Sebastian de los Reyes "]
[Date "2008.12.03"]
[Round "4.21"]
[White "Pareja Alvarez, Diego"]
[Black "Cruz Martin, Francisco"]
[Result "1-0"]
[WhiteElo "1866"]
[BlackElo "1547"]
[PlyCount "85"]
[EventDate "2008.11.30"]

1. e4 e6 2. d4 c6 3. Bd3 d5 4. e5 Bb4+ 5. c3 Ba5 6. Ne2 Ne7 7. O-O O-O 8. Nd2
Nd7 9. Nb3 Bc7 10. f4 f5 11. Be3 a5 12. a4 Ng6 13. Qc2 b6 14. c4 Ba6 15. c5
Bxd3 16. Qxd3 bxc5 17. dxc5 Nb8 18. Nbd4 Qe8 19. Bd2 Na6 20. Rfc1 Qd7 21. Ra3
Rfc8 22. Nb3 Nb8 23. Ned4 Nf8 24. Bc3 Qd8 25. h3 Qe8 26. Kh2 Kf7 27. Rg1 Ke7
28. g4 g6 29. gxf5 exf5 30. Qg3 Rd8 31. Qg5+ Kd7 32. Be1 Kc8 33. Bh4 Kb7 34.
Qg2 Rd7 35. Be1 h6 36. h4 Rh7 37. Bg3 Nbd7 38. Nxc6 Kxc6 39. Nd4+ Kb7 40. Qxd5+
Kc8 41. Qxa8+ Nb8 42. Nb5 Qc6 43. Na7+ 1-0